000 00961nam a22003017a 4500
001 000381
003 DO-SdBNP
005 20240325085417.0
007 000381
008 160712b2005 sp a | 00| 0 spa d
020 _a8426132723
040 _aBPMSU
_bspa
_cBPMSU
082 4 _a839.736
_bL745h 2005
_222
100 1 _aLindgren, Astrid Ericsson,
_d1907-2002.
245 1 4 _aLos hermanos Corazón de León /
_cAstrid Lindgren ; traducción de Lucio Salas ; ilustraciones de Ilon Wikland.
250 _a2ª ed.
260 _aBarcelona :
_bEditorial Juventud,
_c2005.
300 _a227 p. :
_b il. ;
_c22 cm.
490 0 _aJuventud
534 _pTítulo original :
_tBröderna Lejonhjärta.
590 _aInventariado, 2024/VM
650 4 _a Cuentos juveniles suecos
650 4 _aHermanos
_vCuentos juveniles
700 1 _aWikland, Ilon,
_eil.
_3
700 1 _aSalas, Lucio,
_etr.
910 _aVMateo V. Control de calidad. BPMSU
942 _2ddc
_cBK
999 _c10837
_d10837